Statistics for Top 15 Countries with Covid-19 Deaths - 13 June

Click here to take the quiz!

General Stats

  • This quiz has been taken 14 times
  • The average score is 16 of 20

Answer Stats

country% Correct
Brazil
100%
United Kingdom
100%
United States
100%
Canada
92%
Germany
92%
Italy
92%
Mexico
92%
Russia
92%
Spain
92%
France
85%
India
85%
Belgium
77%
Peru
77%
Sweden
77%
Chile
69%
Ireland
69%
Netherlands
69%
Iran
62%
Ecuador
46%
Switzerland
46%

Score Distribution

Percentile by Number Answered

Percent of People with Each Score

Your Score History

You have not taken this quiz